| 000 | 02379pam a2200577 a 4500 | ||
|---|---|---|---|
| 008 | 140219s2014 nyua a 000 1 eng d | ||
| 020 | _a9781423199359 (pbk.) | ||
| 020 | _a1423199359 | ||
| 040 |
_aICrlF _beng _cICrlF _dICrlF |
||
| 082 | 0 | 4 |
_a[E] _223 |
| 100 | 1 |
_aLa Rose, Melinda. _95880629 |
|
| 245 | 1 | 0 |
_aBirthday bash! / _cwritten by Melinda LaRose ; illustrated by Character Building Studio and the Disney Storybook Art Team. |
| 246 | 1 |
_iTitle appears on item as: _aDisney Jake and the Never Land Pirates Birthday bash! |
|
| 250 | _a1st ed. | ||
| 260 |
_aNew York : _bDisney Press, _c[2014] |
||
| 300 |
_a{32} p. : _bcol. ill. ; _c21 cm. |
||
| 490 | 1 | _aJake and the Never Land pirates | |
| 500 | _a"Based on the episode written by Don Gillies and Brian Swenlin"--T.p. | ||
| 500 | _a"Disney Junior"--Front cover. | ||
| 500 | _aBased on the television program Jake and the Never Land pirates. | ||
| 500 | _aMay include stickers. | ||
| 520 | _aEveryone in Never Land gets together to celebrate Jake's birthday. | ||
| 521 | 0 |
_a2.3 _bFollett Library Resources |
|
| 521 | 2 |
_aPreschool _bFollett Library Resources |
|
| 650 | 0 |
_aPirates _vJuvenile fiction. _95675416 |
|
| 650 | 0 |
_aBirthdays _vJuvenile fiction. _95675696 |
|
| 650 | 0 |
_aBirthday parties _vJuvenile fiction. _95742181 |
|
| 650 | 1 |
_aPirates _vFiction. _95674897 |
|
| 650 | 1 |
_aBirthdays _vFiction. _95678369 |
|
| 650 | 1 |
_aBirthday parties _vFiction. _95705621 |
|
| 650 | 1 |
_aAdventure and adventurers _vFiction. _9102533 |
|
| 650 | 7 |
_aPirates _vFiction. _2sears _95674897 |
|
| 650 | 7 |
_aBirthdays _vFiction. _2sears _95678369 |
|
| 650 | 7 |
_aBirthday parties _vFiction. _2sears _95705621 |
|
| 650 | 7 |
_aAdventure fiction. _2sears _9102629 |
|
| 650 | 7 |
_aRadio and television novels. _2sears _95691206 |
|
| 655 | 7 |
_aAdventure fiction. _2gsafd _9102629 |
|
| 655 | 7 |
_aRadio and television novels. _2gsafd _9102742 |
|
| 655 | 7 |
_aPicture books for children. _2lcsh _989557 |
|
| 710 | 2 |
_aCharacter Building Studio (Firm), _eill. _95688692 |
|
| 710 | 2 |
_aDisney Storybook Artists, _eill. _951522 |
|
| 710 | 2 |
_aDisney Junior (Firm) _95688687 |
|
| 730 | 0 |
_iBased on: _aJake and the Never Land Pirates (Television program) _95705749 |
|
| 830 | 0 | _aJake and the Never Land pirates. | |
| 521 | 2 | _aPreschool | |
| 035 | _a(IMchF)fol14707629 | ||
| 005 | 20241220161152.0 | ||
| 001 | 225919 | ||
| 003 | DCL | ||
| 942 | _cUNKNOWN | ||
| 999 |
_c190489 _d190489 |
||